000 00776nam a2200193Ia 4500
008 090124s9999 xx 000 0 und d
082 _b31492
_a3618
100 _aपिल्लई जे. राजमोहन / कुट्टी के. गोविंदन
245 _a एक हकनाक बळी
250 _a1
260 _c2002
300 _a171
600 _aपिल्लई जे. राजमोहन / कुट्टी के. गोविंदन
630 _a एक हकनाक बळी
700 _aदेशपांडे विदुला
700 _aपिल्लई जे. राजमोहन / कुट्टी के. गोविंदन
730 _a एक हकनाक बळी
942 _cBOOK
999 _c144971
_d144971